| 000 | 00000nam 2200000za 4500 |
| 001 | 9.843630 |
| 003 | CaOODSP |
| 005 | 20221107152551 |
| 007 | cr ||||||||||| |
| 008 | 171110n1985 xxc |o f|0| 0 eng d |
| 040 | |aCaOODSP|beng |
| 043 | |an-cn-bc |
| 086 | 1 |aNH15-658/1985E-PDF |
| 100 | 1 |aSangha, Dave. |
| 245 | 10|aSurvey of wheelchair-modified units in Vancouver non-market housing projects |h[electronic resource] / |cprepared by: Dave Sangha. |
| 260 | |a[Ottawa : |bCanada Mortgage and Housing Corporation, |c1985?] |
| 300 | |a22, [10] p. |
| 500 | |aDigitized edition from print produced 2015 [for Canada Mortgage and Housing Corporation]. |
| 520 | |a"This survey focuses on a major housing resource for Vancouver's wheelchair disabled: the wheelchair-modified units in a variety of public and private non-profit rental and cooperative projects"--Introd. |
| 692 | 07|2gccst|aHousing |
| 692 | 07|2gccst|aDisabilities |
| 710 | 2 |aCanada Mortgage and Housing Corporation. |
| 856 | 40|qPDF|s1.15 MB|uhttps://publications.gc.ca/collections/collection_2017/schl-cmhc/nh15/NH15-658-1985-eng.pdf |